LEADER 01066nam--2200349---450- 001 990003668340203316 005 20120606151804.0 010 $a978-92-6405595-7 035 $a000366834 035 $aUSA01000366834 035 $a(ALEPH)000366834USA01 035 $a000366834 100 $a20120606d2009----km-y0itay50------ba 101 $aeng 102 $aGB 105 $a||||||||001yy 200 1 $aAtlas régional de l'Afrique de l'ouest$fsous la direction de Laurent Bossard 210 $aParis$cOCDE$d2009 215 $a112 p.$d30 cm 300 $aIn testa al frontespizio: Cahiers de l'Afrique de l'Ouest 606 0 $aIntegrazione economica$yAfrica occidentale$2BNCF 676 $a337.16 702 1$aBOSSARD,$bLaurent 801 0$aIT$bsalbc$gISBD 912 $a990003668340203316 951 $a337.16 ATL 1$b73699 G.$c337.16$d00311540 959 $aBK 969 $aECO 979 $aCHIARA$b90$c20120606$lUSA01$h1515 979 $aCHIARA$b90$c20120606$lUSA01$h1518 996 $aAtlas régional de l'Afrique de l'ouest$91141129 997 $aUNISA